CAD-CAM: projeto e fabricacao com o auxílio de computador

Uloženo v:
Podrobná bibliografie
Hlavní autor: Besant, C. B (Autor)
Médium: Kniha
Jazyk:portugalština
Vydáno: Río de Janeiro Campus 1985
Témata:
Tagy: Přidat tag
Žádné tagy, Buďte první, kdo vytvoří štítek k tomuto záznamu!

MARC

LEADER 00000nam a2200000 a 4500
001 UCU4612
003 CL-VaPUC
008 960524e19850000BL |||||||||||||||||por|d
082 0 4 |a 604.2  |b BES  |2 21 
100 0 |a Besant, C. B  |e author  |9 362303 
245 1 0 |a CAD-CAM: projeto e fabricacao com o auxílio de computador 
300 |a 249 p 
942 |c BK 
945 |d 19960524 00:00:00  |a cmena 
260 |a Río de Janeiro  |b Campus  |c 1985 
650 7 |a CAD-CAM  |2 CL-VaPUC  |9 362304 
650 7 |a DIBUJOS TECNICOS  |2 CL-VaPUC  |9 360503 
650 7 |a MATERIAL AUDIOVISUAL  |2 CL-VaPUC  |9 308466 
650 0 |a Gráficas  |9 264054 
650 0 |a Computadores  |9 258188 
650 7 |a PROGRAMAS DE COMPUTADOR  |2 CL-VaPUC  |9 262390 
650 0 |a Software  |9 387312 
583 |a last modification  |c 19960524 00:00:00  |k Rodrigo Vera 
999 |c 248273  |d 248271